MARC details
| 000 -CABECERA |
| campo de control de longitud fija |
01182nam a2200301 a 4500 |
| 001 - NÚMERO DE CONTROL |
| campo de control |
000025131 |
| 005 - FECHA Y HORA DE LA ÚLTIMA TRANSACCIÓN |
| campo de control |
20250314113209.0 |
| 008 - DATOS DE LONGITUD FIJA--INFORMACIÓN GENERAL |
| campo de control de longitud fija |
110210s1978 mx r 000 0 spa d |
| 020 ## - NÚMERO INTERNACIONAL ESTÁNDAR DEL LIBRO |
| ISBN cancelado o inválido |
9684090170 |
| 040 ## - FUENTE DE LA CATALOGACIÓN |
| Centro catalogador/agencia de origen |
DO-SdBNP |
| Lengua de catalogación |
spa |
| Centro/agencia transcriptor |
BNPHU |
| 041 17 - CÓDIGO DE LENGUA |
| Código de lengua del texto/banda sonora o título independiente |
spa |
| Código de lengua original |
eng |
| Fuente del código |
Código de idiomas MARC |
| 082 ## - NÚMERO DE LA CLASIFICACIÓN DECIMAL DEWEY |
| Número de clasificación |
333.716 |
| Número de documento/Ítem |
B886d |
| 049 ## - FONDOS LOCALES (OCLC) |
| Fondos de biblioteca |
BNGR |
| 100 1# - ENTRADA PRINCIPAL--NOMBRE DE PERSONA |
| Nombre de persona |
Brubaker, Sterling. |
| 9 (RLIN) |
41990 |
| 240 10 - TÍTULO UNIFORME |
| Título uniforme |
In command of tomorrow. |
| Lenguaje de la obra |
Español |
| 245 13 - MENCIÓN DE TÍTULO |
| Título |
El dominio del mañana : |
| Resto del título |
cómo convervar los recursos y mantener incontaminado el medio ambiente / |
| Mención de responsabilidad, etc. |
Sterling Brubaker ; traducción de Olga Margarita Rivera. |
| 260 ## - PUBLICACIÓN, DISTRIBUCIÓN, ETC. |
| Lugar de publicación, distribución, etc. |
México, D. F. : |
| Nombre del editor, distribuidor, etc. |
Editores Asociados, |
| Fecha de publicación, distribución, etc. |
1978. |
| 300 ## - DESCRIPCIÓN FÍSICA |
| Extensión |
190 p. ; |
| Dimensiones |
19 cm. |
| 500 ## - NOTA GENERAL |
| Nota general |
"Breve tratado de ecología". |
| 534 ## - NOTA SOBRE LA VERSIÓN ORIGINAL |
| Encabezamiento principal del original |
Título de la obra en inglés : |
| Mención de título del original |
In command of tomorrow |
| 650 #4 - PUNTO DE ACCESO ADICIONAL DE MATERIA--TÉRMINO DE MATERIA |
| Término de materia o nombre geográfico como elemento de entrada |
Medio ambiente |
| Subdivisión general |
Contaminación |
| 9 (RLIN) |
51520 |
| 650 #4 - PUNTO DE ACCESO ADICIONAL DE MATERIA--TÉRMINO DE MATERIA |
| Término de materia o nombre geográfico como elemento de entrada |
Protección del medio ambiente |
| 9 (RLIN) |
4185 |
| 650 #4 - PUNTO DE ACCESO ADICIONAL DE MATERIA--TÉRMINO DE MATERIA |
| Término de materia o nombre geográfico como elemento de entrada |
Control ambiental |
| Subdivisión general |
Proyectos |
| 9 (RLIN) |
51521 |
| 650 #0 - PUNTO DE ACCESO ADICIONAL DE MATERIA--TÉRMINO DE MATERIA |
| Término de materia o nombre geográfico como elemento de entrada |
Conservación de los recursos naturales |
| 9 (RLIN) |
1562 |
| 650 #4 - PUNTO DE ACCESO ADICIONAL DE MATERIA--TÉRMINO DE MATERIA |
| Término de materia o nombre geográfico como elemento de entrada |
Contaminación |
| Subdivisión general |
Prevención |
| 9 (RLIN) |
51522 |
| 650 #0 - PUNTO DE ACCESO ADICIONAL DE MATERIA--TÉRMINO DE MATERIA |
| Término de materia o nombre geográfico como elemento de entrada |
Conservación de la energía |
| 9 (RLIN) |
51523 |
| 700 1# - PUNTO DE ACCESO ADICIONAL--NOMBRE DE PERSONA |
| Nombre de persona |
Rivera, Olga Margarita, |
| Término indicativo de función/relación |
tr. |
| 9 (RLIN) |
51524 |